000 00444nam a2200181Ia 4500
003 0100
008 130303s9999 xx 000 0 und d
040 _cARRUPELIB
050 _aK474.F562H57
100 _aHittinger, Russell
245 2 _aA critique of the new natural law theory
260 _aNotre Dame IN
260 _bUniv. of ND Pr.
260 _C1987
300 _a232p
650 _bHistory of Technology and Science
942 0 0 _04
999 _c22204
_d22204